000 00799nam a2200217 i 4500
001 136312
003 ES-MaACL
005 20250925063042.0
007 t|
008 070214s1969 sp |||| | spa d
100 1 _aRumeu de Armas, Antonio,
_d1912-2006
_9100991
245 1 3 _aLa política indigenista de Isabel la Católica /
_cAntonio Rumeu de Armas.
260 _aValladolid :
_bInstituto Isabel la Católica,
_c1969.
300 _a485 p. ;
_c24 cm.
650 0 4 _aIndios de América-
_xTrato recibido-
_yS.XVI
_913675
650 0 4 _aMisiones-
_zAmérica española.
_9169005
651 _aEspaña-
_xHistoria-
_y1474-1516, Reyes Católicos.
_98222
710 2 _aInstituto "Isabel la Católica" de Historia Eclesiástica.
_95102
852 _aES-MaACL
_jC-37966
999 _c136312
_d136312